[Event "Oberfranken-ch Q 0708"]
[Site "Schney"]
[Date "2008.01.04"]
[Round "5"]
[White "Hertrich, Werner"]
[Black "Dudukcu, Ozgur"]
[Result "1-0"]
[WhiteElo "1701"]
[BlackElo "1559"]
[PlyCount "45"]
[EventDate "2008.01.02"]
[EventType "swiss"]
[EventRounds "7"]
[EventCountry "GER"]
[SourceTitle "EXT 2010"]
[Source "ChessBase"]
[SourceDate "2010.11.25"]
[SourceVersion "1"]
[SourceVersionDate "2010.11.25"]
[SourceQuality "1"]

1. Nf3 Nf6 2. c4 g6 3. g3 Bg7 4. Bg2 0-0 5. 0-0 d6 6. Nc3 Nc6 7. d3 e5 8. Rb1 Nd7 9. Bd2 f5 10. b4 Ne7 11. Ng5 Nf6 12. Qb3 c6 13. f4 h6 14. fxe5 dxe5 15. c5+ Nfd5 16. e4 hxg5 17. Bxg5 Be6 18. exd5 cxd5 19. Nxd5 Re8 20. Bxe7 Rxe7 21. Nxe7+ Kf7 22. Nd5 e4 23. dxe4 1-0

[Event "Oberfranken-ch Q 0708"]
[Site "Schney"]
[Date "2008.01.02"]
[Round "2"]
[White "Dudukcu, Ozgur"]
[Black "Stoecklein, Tony"]
[Result "1-0"]
[WhiteElo "1559"]
[BlackElo "1512"]
[PlyCount "41"]
[EventDate "2008.01.02"]
[EventType "swiss"]
[EventRounds "7"]
[EventCountry "GER"]
[SourceTitle "EXT 2010"]
[Source "ChessBase"]
[SourceDate "2010.11.25"]
[SourceVersion "1"]
[SourceVersionDate "2010.11.25"]
[SourceQuality "1"]

1. d4 f5 2. c4 Nf6 3. g3 g6 4. Bg2 Bg7 5. Nf3 d6 6. 0-0 0-0 7. Nc3 Nc6 8. d5 Na5 9. Nd2 b6 10. Rb1 Nb7 11. b4 Rb8 12. Nb3 e6 13. Nd4 Bd7 14. dxe6 Be8 15. Nd5 Nxd5 16. cxd5 Qf6 17. Bb2 Qe7 18. Qd3 a5 19. a3 Bf6 20. e4 Bxd4 21. Qxd4 1-0